|
|
|
|
| LEADER |
01000nam a22002412a 4500 |
| 001 |
000207153 |
| 003 |
CZ BrMZK |
| 005 |
20110322103051.0 |
| 007 |
ta |
| 008 |
970107s1980 xo f slo d |
| 040 |
|
|
|a BOA001
|b cze
|
| 245 |
0 |
0 |
|a Nové prostriedky a formy v socialistickej zdravotnej výchove :
|b zborník materiálov z celoslovenskej vedeckej konferencie a z 9. dní zdravotnej výchovy /
|c zostavil : Peter Kliment
|
| 250 |
|
|
|a 1. vyd.
|
| 260 |
|
|
|a Bratislava :
|b Ústav zdravotnej výchovy,
|c 1980
|
| 300 |
|
|
|a 88 s.
|
| 490 |
1 |
|
|a Metodické príručky ;
|v zv. 52
|
| 700 |
1 |
|
|a Petiška, Peter,
|d 1937-2012
|7 ola2002152547
|4 com
|
| 830 |
|
0 |
|a Metodické príručky
|
| 910 |
|
|
|a BOA001
|b PK-0092.907
|b 2-0845.096
|
| 964 |
|
|
|a Výchova zdravotní - konference - sborníky
|
| 990 |
|
|
|a BK
|
| 996 |
7 |
|
|b 2619390850
|c 2-0845.096
|l MZK
|r Sklad / do 1 hodiny
|n 0
|w 000207153
|u 000020
|a 1
|e BOA001
|j MZK50
|s A
|
| 996 |
7 |
|
|b 3119903829
|c PK-0092.907
|l MZK
|r Sklad / do 1 hodiny
|n 1
|w 000207153
|u 000010
|a 1
|e BOA001
|j MZK50
|s A
|